[Event "Biel MTO"]
[Site "Biel"]
[Date "1999.07.26"]
[Round "7"]
[White "Pavlovic, Milos"]
[Black "Kunte, Abhijit"]
[Result "1-0"]
[WhiteElo "2500"]
[BlackElo "2465"]

1.e4 c5 2.Nf3 e6 3.d4 cxd4 4.Nxd4 a6 5.Nc3 Qc7 6.Be2 Nc6 7.O-O Nf6 8.Kh1 Be7
9.f4 d6 10.Be3 O-O 11.a4 Bd7 12.Nb3 b6 13.Bf3 Rab8 14.g4 Bc8 15.g5 Nd7 16.Bg2 Re8
17.Rf3 b5 18.axb5 axb5 19.Rh3 b4 20.Qh5 Nf8 21.Ne2 Rb5 22.Rf1 Bd8 23.Nbd4 Nxd4
24.Nxd4 Rc5 25.f5 e5 26.Ne6 Bxe6 27.fxe6 Rxe6 28.Bxc5 dxc5 29.Rhf3 Re7 30.Rd1 g6
31.Qg4 Ne6 32.Rfd3 c4 33.Rd5 Re8 34.h4 Be7 35.Bf1 b3 36.c3 Qc6 37.Qg3 Nc5
38.Qf3 Ne6 39.Bh3 Rf8 40.Rxe5 Bd6 41.Red5 Bb8 42.Qf6 Qc7 43.e5 Ng7 44.Rd8 Ne8
45.Rxe8 Rxe8  1-0

[Event "Korinthos op 3rd"]
[Site "Korinthos"]
[Date "1999.07.27"]
[Round "4"]
[White "Kapnisis, Spyridon"]
[Black "Solak, Dragan"]
[Result "0-1"]
[WhiteElo "2324"]
[BlackElo "2457"]

1.e4 c5 2.Nf3 e6 3.d4 cxd4 4.Nxd4 a6 5.Nc3 Qc7 6.Be2 b5 7.O-O Bb7 8.Re1 Nc6
9.Nxc6 dxc6 10.e5 Ne7 11.Bd3 Rd8 12.Bg5 c5 13.Qh5 Rd7 14.Rad1 Nd5 15.Nxd5 Bxd5
16.c4 bxc4 17.Bc2 Qc6 18.Rxd5 Rxd5 19.Be4 g6 20.Qf3 Bg7 21.Bxd5 exd5 22.Rd1 O-O
23.Qxd5 Qb5 24.b3 c3 25.g3 Qe2 26.Bf4 h6 27.h4 Re8 28.Qd3 Qxd3 29.Rxd3 g5
30.hxg5 hxg5 31.Bxg5 Rxe5 32.Bf4 Re1+ 33.Kg2 c2 34.Rd6 a5 35.Rd8+ Kh7 36.Rd7 Bh6
37.Rxf7+ Kg6  0-1

[Event "Glorney Cup U20"]
[Site "Bruges"]
[Date "1999.07.29"]
[Round "4"]
[White "Wortel, Marten"]
[Black "Forman, Stefan"]
[Result "1-0"]
[WhiteElo "2283"]
[BlackElo "2253"]

1.e4 c5 2.Nf3 e6 3.d4 cxd4 4.Nxd4 a6 5.Nc3 Qc7 6.Be2 Nf6 7.O-O Be7 8.f4 d6
9.Be3 b5 10.e5 dxe5 11.fxe5 Nfd7 12.Bxb5 O-O 13.Bd3 Bb7 14.Nxe6 Qxe5 15.Nxf8 Qxe3+
16.Kh1 Nxf8 17.Bc4 Bf6 18.Bd5 Qb6 19.Rxf6 gxf6 20.Qf3 Nbd7 21.Bxb7 Rb8 22.Bd5 Qxb2
23.Rf1 Rc8 24.Qg4+ Kh8 25.Bxf7 Ng6 26.Bxg6 hxg6 27.Qh3+ Kg8 28.Nd5 Qb5 29.Qe6+ Kf8
30.Rxf6+ Nxf6 31.Qe7+  1-0

[Event "Korinthos op 3rd"]
[Site "Korinthos"]
[Date "1999.07.29"]
[Round "6"]
[White "Vouldis, Angelos"]
[Black "Solak, Dragan"]
[Result "0-1"]
[WhiteElo "2496"]
[BlackElo "2457"]

1.e4 c5 2.Nf3 e6 3.d4 cxd4 4.Nxd4 a6 5.Nc3 Qc7 6.Bd3 Nc6 7.Be3 Nf6 8.O-O Nxd4
9.Bxd4 Bc5 10.Bxc5 Qxc5 11.Kh1 b5 12.Qe1 Bb7 13.a3 O-O 14.f4 e5 15.Qh4 Rfe8
16.fxe5 Rxe5 17.Rxf6 gxf6 18.Rf1 Rg5 19.Rxf6 Qe5 20.Rf1 Re8 21.a4 Bc6 22.axb5 axb5
23.Ne2 Rg7 24.Ng3 Qg5 25.Qh3 Rg6 26.Rf5 Qc1+ 27.Rf1 Qxb2 28.Qf5 Re7 29.Qf2 Qe5
30.Nf5 Re8 31.Nh4 Rg7 32.Nf5 Rg6 33.Nh4 Rh6 34.Qxf7+ Kh8 35.Nf3 Qe7 36.Qf4 Rf6
37.Qc7 d5 38.Qxe7 Rxe7 39.e5 Rf8 40.Re1 Rf4 41.c3 b4 42.Nd4 Be8 43.g3 Rg4
44.Bf5 Rgg7 45.cxb4 Rb7 46.Be6 Rxb4 47.Rf1 Bf7 48.Bxf7 Rxd4 49.e6 Re4 50.e7 Rxe7
51.Bxd5 h6 52.Rf6 Kh7 53.Re6 Rxe6 54.Bxe6 Rb7 55.Bf5+ Kg7 56.Kg1 Kf6 57.Be4 Rb2
58.Bf3 Kf5 59.h4 Ke5 60.Bc6 Kd4 61.Bf3 Ke5 62.Bc6 Kf5 63.Bf3 Rd2 64.Kf1 Ke5
65.Kg1 Kd4 66.Bc6 Ke3 67.Bb7 Rd1+ 68.Kg2 Rc1 69.Ba8 Kd4 70.Bb7 Ke5 71.Bf3 Rc2+
72.Kg1 Rc3 73.Kg2 Kf5 74.Kf2  0-1

[Event "Aceimar op 6th"]
[Site "Mondariz Balneario"]
[Date "1999.07.30"]
[Round "4"]
[White "De la Villa Garcia, Jesus Maria"]
[Black "Georgiev, Vladimir"]
[Result "1/2-1/2"]
[WhiteElo "2473"]
[BlackElo "2519"]

1.e4 c5 2.Nf3 e6 3.d4 cxd4 4.Nxd4 a6 5.Nc3 b5 6.g3 Bb7 7.Bg2 Nf6 8.O-O d6
9.Re1 Qc7 10.a4 b4 11.Nd5 exd5 12.exd5+ Kd8 13.Bg5 Nd7 14.Qe2 Ne5 15.f4 h6
16.Nc6+ Bxc6 17.Bxf6+ gxf6 18.dxc6 h5 19.Rad1 Ke8 20.h4 Ra7 21.Qf2 Qb8 22.a5 Be7
23.Qb6 Qc7 24.fxe5 fxe5 25.Qxb4 Rg8 26.Qb3 Qxa5 27.Qb8+ Bd8 28.Qxd6 Re7 29.Qd3 Bc7
30.Qh7 Kf8 31.Qh6+ Rg7 32.Qh8+ Rg8 33.Qh6+ Rg7 34.Qh8+ Rg8 35.Qh6+  1/2-1/2

[Event "Lost Boys op"]
[Site "Antwerp"]
[Date "1999.07.31"]
[Round "2"]
[White "Timmerman, Gert J"]
[Black "Chuchelov, Vladimir"]
[Result "1/2-1/2"]
[WhiteElo "2320"]
[BlackElo "2535"]

1.e4 c5 2.Nf3 e6 3.d4 cxd4 4.Nxd4 a6 5.Nc3 b5 6.Bd3 Qb6 7.Nb3 Qc7 8.O-O Bb7
9.a3 Nf6 10.Bg5 Be7 11.Qe2 d6 12.f4 Nbd7 13.Kh1 h6 14.Bh4 Rc8 15.Nd4 Qc5
16.Rae1 Qh5 17.Qxh5 Nxh5 18.Bxe7 Kxe7 19.a4 bxa4 20.Nxa4 g5 21.f5 Nhf6 22.fxe6 fxe6
23.Nc3 Rhf8 24.Kg1 Ne5 25.Nf3 Nfd7 26.Nxe5 Nxe5 27.Rxf8 Rxf8 28.Ra1 Rb8 29.Ra2 Bc8
30.h3 Rb6 31.Kf2 h5 32.Ke3 h4 33.Ne2 Ng6 34.b3 Bb7 35.Ra4 Kf6 36.Rc4 Bc6
37.Nd4 Ne5 38.Rc3 Ke7 39.Bc4 Bd7 40.Be2 Kd8 41.Nf3 Nxf3 42.Bxf3 e5 43.Be2 a5
44.Bd3 Rb7 45.Bc4 Rc7 46.Rd3 Ke7 47.Rd1 Be6 48.Bd3 Rc5 49.Rf1 Rc8 50.Ra1 Rc5
51.Rf1 Rc8  1/2-1/2

[Event "Scandic Hotels CC"]
[Site "Stockholm"]
[Date "1999.07.31"]
[Round "1"]
[White "Anka, Emil"]
[Black "Ahlander, Bjorn"]
[Result "1-0"]
[WhiteElo "2487"]
[BlackElo "2436"]

1.e4 c5 2.Nf3 e6 3.d4 cxd4 4.Nxd4 a6 5.Nc3 d6 6.Be2 Nf6 7.O-O Be7 8.a4 O-O
9.Be3 Nc6 10.f4 Qc7 11.Kh1 Re8 12.Bg1 e5 13.fxe5 dxe5 14.Nf5 Bxf5 15.Rxf5 Rad8
16.Bd3 Nd4 17.Rf1 Qc6 18.Be3 Rd6 19.h3 Bd8 20.Bg5 Nd7 21.Bxd8 Rxd8 22.Nd5 Re8
23.c3 Ne6 24.Qh5 Nf4 25.Nxf4 exf4 26.Rxf4 Ne5 27.Bb1 g6 28.Qe2 Kg7 29.Bc2 Red8
30.Rd1 Rxd1+ 31.Bxd1 Qd6 32.Bb3 Qd2 33.Rf2 Qxe2 34.Rxe2 Rd3 35.Kg1 h5 36.Kf2 h4
37.a5 Nc6 38.Bc4 Rd6 39.b4 Ne7 40.Ke3 Rc6 41.Kd4 g5 42.Bd5 Rd6 43.c4 f6 44.Rb2 Rd7
45.Kc5 Rc7+ 46.Kb6 Nxd5+ 47.exd5 Rd7 48.c5  1-0

[Event "Aceimar op 6th"]
[Site "Mondariz Balneario"]
[Date "1999.08.01"]
[Round "6"]
[White "Moreno, Julian"]
[Black "Korneev, Oleg"]
[Result "1/2-1/2"]
[WhiteElo "2474"]
[BlackElo "2615"]

1.e4 c5 2.Nf3 e6 3.d4 cxd4 4.Nxd4 a6 5.Nc3 Qc7 6.Be2 b5 7.O-O Bb7 8.Bf3 Nc6
9.Nxc6 dxc6 10.Qe2 e5 11.a4 b4 12.Nb1 a5 13.Rd1 Ba6 14.Qe1 Nf6 15.Bg5 Be7
16.Bxf6 Bxf6 17.Be2 Bc8 18.Nd2 O-O 19.Bc4 Bg4 20.f3 Qa7+ 21.Qf2 Bc8 22.Nb3 Rd8
23.Kf1 Qxf2+ 24.Kxf2 Kf8 25.Ke2 Rxd1 26.Rxd1 Be7 27.h3 Ke8 28.Ke3 Bg5+ 29.Kf2 Be7
30.Ke3 Ra7 31.Ke2 h5 32.g4 h4 33.Rd3 Bd8 34.Rd6 Bc7 35.Rd1 Ke7 36.Nc5 g5
37.Nb3 Bb6 38.Nc1 Bd4 39.Nd3 f6 40.Rc1  1/2-1/2

[Event "Budapest  Agro GM"]
[Site "Budapest"]
[Date "1999.08.03"]
[Round "5"]
[White "Gross, David"]
[Black "Borgo, Giulio"]
[Result "1-0"]
[WhiteElo "2465"]
[BlackElo "2444"]

1.e4 c5 2.Nf3 e6 3.d4 cxd4 4.Nxd4 a6 5.Nc3 Nc6 6.f4 Qc7 7.Nxc6 bxc6 8.Bd3 d5
9.O-O Nf6 10.Qe2 Be7 11.Bd2 O-O 12.Rae1 Re8 13.Kh1 c5 14.e5 Nd7 15.f5 g6
16.fxe6 fxe6 17.Bh6 Bf8 18.Qf3 Bb7 19.Qf7+ Kh8 20.Re3 Qd8 21.Rh3 Re7 22.Bg7+ Bxg7
23.Rxh7+  1-0

[Event "MK Cafe Cup-A"]
[Site "Koszalin"]
[Date "1999.08.04"]
[Round "2"]
[White "Bobras, Piotr"]
[Black "Poluljahov, Aleksandr"]
[Result "0-1"]
[WhiteElo "2394"]
[BlackElo "2554"]

1.e4 c5 2.Nf3 e6 3.d4 cxd4 4.Nxd4 a6 5.Nc3 b5 6.Bd3 Qb6 7.Be3 Bc5 8.Be2 Bb7
9.a4 Nc6 10.Nxc6 dxc6 11.Bxc5 Qxc5 12.axb5 cxb5 13.O-O Nf6 14.Bd3 O-O 15.Qe2 e5
16.Nb1 Bc6 17.Nd2 a5 18.Kh1 a4 19.c3 Rfd8 20.Rfd1 Rxd3 21.Qxd3 Ng4 22.Rf1 Nxf2+
23.Rxf2 Qxf2 24.Qd6 Rc8 25.Rf1 Qe2 26.Kg1 h6 27.Nf3 Qxb2 28.Nxe5 Bxe4 29.Rf2 Qc1+  0-1

[Event "MK Cafe Cup-A"]
[Site "Koszalin"]
[Date "1999.08.04"]
[Round "2"]
[White "Lanka, Zigurds"]
[Black "Volzhin, Alexander"]
[Result "1/2-1/2"]
[WhiteElo "2504"]
[BlackElo "2569"]

1.e4 c5 2.Nf3 e6 3.d4 cxd4 4.Nxd4 a6 5.Nc3 Qc7 6.Bd3 Nf6 7.f4 b5 8.e5 b4
9.Ne4 Nxe4 10.Bxe4 Bb7 11.Qf3 Nc6 12.Nxc6 Bxc6 13.Bxc6 dxc6 14.Be3 Be7 15.O-O-O O-O
16.h4 c5 17.Kb1 c4 18.Rd4 Rad8 19.Rhd1 a5 20.Rxd8 Rxd8 21.Rxd8+ Qxd8 22.h5  1/2-1/2

[Event "Budapest  Agro GM"]
[Site "Budapest"]
[Date "1999.08.06"]
[Round "8"]
[White "Gross, David"]
[Black "Tolnai, Tibor"]
[Result "1-0"]
[WhiteElo "2465"]
[BlackElo "2514"]

1.e4 c5 2.Nf3 e6 3.d4 cxd4 4.Nxd4 a6 5.Nc3 Qc7 6.f4 b5 7.Bd3 Bb7 8.Qe2 d6
9.Bd2 Nd7 10.f5 e5 11.Nd5 Bxd5 12.exd5 Nc5 13.a4 Nxd3+ 14.cxd3 Qc5 15.Nf3 Qxd5
16.d4 e4 17.Ng5 Nf6 18.axb5 h6 19.Nh3 a5 20.Nf4 Qxf5 21.O-O d5 22.b6 Qd7
23.b4 a4 24.Nh5 Nxh5 25.Qxh5 Bd6 26.Qf5 Qb7 27.Ra3 Rd8 28.Rxa4 O-O 29.Bxh6 gxh6
30.Qg4+ Kh7 31.Ra7 Bxh2+  1-0

[Event "MK Cafe Cup-A"]
[Site "Koszalin"]
[Date "1999.08.07"]
[Round "5"]
[White "Zezulkin, Jurij"]
[Black "Poluljahov, Aleksandr"]
[Result "0-1"]
[WhiteElo "2478"]
[BlackElo "2554"]

1.e4 c5 2.Nf3 e6 3.d4 cxd4 4.Nxd4 a6 5.Nc3 b5 6.Bd3 d6 7.O-O Nf6 8.f4 Bb7
9.Qf3 Nbd7 10.a3 Rc8 11.Bd2 g6 12.g4 Bg7 13.Nde2 Nc5 14.g5 Nfd7 15.b4 Nxd3
16.cxd3 O-O 17.Rf2 f5 18.gxf6 Nxf6 19.Raf1 Qd7 20.Qh3 Nh5 21.d4 Nf6 22.e5 Ne4
23.Nxe4 Bxe4 24.Nc3 Bb7 25.Ne2 Kh8 26.Qg4 Rc4 27.Be3 Qc6 28.Ng3 Rc3 29.Qe2 Rxa3
30.h4 h5 31.Rc1 Qd5 32.Kh2 dxe5 33.dxe5 Qd8 34.Kh3 Qd3 35.Qxd3 Rxd3 36.Bc5 Rc8
37.Rcc2 Bf8 38.Bxf8 Rxf8 39.Rc7 Bf3 40.Rfc2 Bd5 41.Re7 Bc4 42.Rf2 Rd4 43.f5 exf5
44.Ne2 Rd2 45.Rg2 Bxe2  0-1

[Event "MK Cafe Cup-B"]
[Site "Koszalin"]
[Date "1999.08.08"]
[Round "6"]
[White "Blimke, Dalia"]
[Black "Cappon, John"]
[Result "1/2-1/2"]
[WhiteElo "2269"]
[BlackElo "2176"]

1.e4 c5 2.Nf3 e6 3.d4 cxd4 4.Nxd4 a6 5.Nc3 Qc7 6.Be2 b5 7.f4 Bb7 8.Bf3 Bb4
9.Qd3 Nf6 10.O-O Nc6 11.Nxc6 dxc6 12.a4 Rd8 13.Qe2 e5 14.axb5 axb5 15.Kh1 O-O
16.Nd1 Bc5  1/2-1/2

[Event "MK Cafe Cup-A"]
[Site "Koszalin"]
[Date "1999.08.08"]
[Round "6"]
[White "Salmensuu, Olli"]
[Black "Kveinys, Aloyzas"]
[Result "0-1"]
[WhiteElo "2443"]
[BlackElo "2515"]

1.e4 c5 2.Nf3 e6 3.d4 cxd4 4.Nxd4 a6 5.Nc3 b5 6.Bd3 Qb6 7.Nb3 Qc7 8.O-O Bb7
9.f4 Nf6 10.Qf3 d6 11.Bd2 Nbd7 12.Rae1 Be7 13.Qg3 g6 14.Kh1 O-O 15.a3 Rfe8
16.f5 Bf8 17.fxg6 hxg6 18.Qh4 Bg7 19.Re3 Nh7 20.Rh3 Ndf8 21.Nd1 Rac8 22.Ne3 Qe7
23.Ng4 Qxh4 24.Rxh4 Rc7 25.Nh6+ Bxh6 26.Rxh6 e5 27.Na5 Ba8 28.Rh4 Ne6 29.b4 Rec8
30.a4 Rxc2 31.Bxc2 Rxc2 32.Bh6 g5 33.Rh3 Bxe4 34.Rg3 Nf4 35.axb5 axb5 36.h4 Nxg2
37.Kg1 Nf4 38.Re1 Ne2+ 39.Rxe2 Rxe2 40.hxg5 Nf8 41.Rc3 Ne6 42.Nc6 Bxc6 43.Rxc6 Re4
44.Rxd6 Rxb4 45.Rd5 Nxg5 46.Kg2 Kh7 47.Bf8 Rb2+ 48.Kg3 f6  0-1

[Event "MK Cafe Cup-B"]
[Site "Koszalin"]
[Date "1999.08.12"]
[Round "9"]
[White "Tirard, Hugo"]
[Black "Kazhgaleyev, Murtas"]
[Result "1/2-1/2"]
[WhiteElo "2331"]
[BlackElo "2531"]

1.e4 c5 2.Nf3 e6 3.d4 cxd4 4.Nxd4 a6 5.Nc3 Qc7 6.Be2 b5 7.O-O Bb7 8.a3 Nc6
9.Nxc6 dxc6 10.f4 c5 11.Bf3 b4 12.Nb1 Nf6 13.Qe2 Rd8 14.Kh1 h5 15.Nd2 h4
16.e5 Nd5 17.Nc4 Be7 18.f5 exf5 19.Nd6+ Rxd6 20.exd6 Qxd6 21.axb4 cxb4 22.Bd2 O-O
23.c4 bxc3 24.bxc3 Qc7 25.Rab1 Ba8 26.Qxa6 Qd8 27.c4 Nc7 28.Qa5 Bxf3 29.Rxf3 g6
30.Bb4 Bxb4 31.Qxb4 Ne6 32.Qb6 Qc8 33.Rc1 Ng5 34.Rb3 Qd7 35.Qf6 Rd8 36.h3 Qd2
37.Qc3 Qe2 38.Qb4 Qa2 39.Qe7 Qd2 40.Qe3 Qxe3 41.Rxe3 Rc8 42.Re7 Ne4 43.Rb7 Kg7
44.Kg1 Kf6 45.Rc2 Rc6 46.Ra7 Ke6 47.Ra5 Kf6  1/2-1/2

[Event "Baunatal op 5th"]
[Site "Baunatal"]
[Date "1999.08.14"]
[Round "4"]
[White "Iltisberger, Adelbert"]
[Black "Arne, Walter"]
[Result "0-1"]
[WhiteElo "1503"]
[BlackElo "1767"]

1.e4 c5 2.Nf3 e6 3.d4 cxd4 4.Nxd4 a6 5.Nc3 Nc6 6.Be2 Bb4 7.Nxc6 bxc6 8.Qd4 Bf8
9.O-O Nf6 10.e5 Nd5 11.Nxd5 cxd5 12.Be3 Be7 13.Qg4 g6 14.Bh6 f5 15.Qh3 Bf8
16.Bxf8 Kxf8 17.Qa3+ Kf7 18.Rac1 Bb7 19.c4 dxc4 20.Rxc4 Rc8 21.Rd4 Qc7 22.Rd6 Rhd8
23.Rfd1 Bd5 24.Qh3 Kg7 25.Qh4 Rf8 26.b3 Rf7 27.Qf4 Qc2 28.Rd2 Qc1+ 29.Bf1 Rc2
30.Rd4 Qxf4 31.Rxf4 Rxa2 32.Rb4 a5 33.Rb8 a4 34.bxa4 Rxa4 35.h3 Ra1 36.Rc8 Bc6
37.Rb8 Rf8 38.Rb2 f4 39.f3 Re1 40.Kf2 Rxe5 41.Bc4 Ra8 42.Re2 Kf6 43.Red2 Ra4
44.Bb3 Ra3 45.Bc4 Rc3 46.Ba6 Ke7 47.Bc8 Rd5 48.R6xd5 Bxd5 49.Ba6 Ra3 50.Bb5 Ra2
51.Ke2 g5 52.Rxa2 Bxa2 53.Kd3 d5 54.Kd4 Kd6 55.Bd3 h6 56.h4 e5+ 57.Kc3 Kc5
58.hxg5 hxg5 59.Bf5 Bc4 60.Kc2 Kd4 61.Kd2 e4 62.Bg4 Bf1 63.fxe4 dxe4 64.Bf3 exf3
65.gxf3 Bb5  0-1

[Event "Baunatal op 5th"]
[Site "Baunatal"]
[Date "1999.08.14"]
[Round "6"]
[White "Jansen, Dirk"]
[Black "Meijere, Agnese"]
[Result "1/2-1/2"]
[WhiteElo "1899"]
[BlackElo "2150"]

1.e4 c5 2.Nf3 e6 3.d4 cxd4 4.Nxd4 a6 5.Nc3 Qc7 6.Be2 Bb4 7.Bd2 Nf6 8.Bd3 O-O
9.O-O d6 10.Ncb5 Qc5  1/2-1/2

[Event "Zurich Hilton op"]
[Site "Zurich"]
[Date "1999.08.14"]
[Round "2"]
[White "Palmer, Christian"]
[Black "Gheorghiu, Florin"]
[Result "0-1"]
[WhiteElo "2122"]
[BlackElo "2450"]

1.e4 c5 2.Nf3 e6 3.d4 cxd4 4.Nxd4 a6 5.Nc3 Qc7 6.a3 b5 7.Be2 Bb7 8.O-O Nf6
9.Bf3 d6 10.g3 Nbd7 11.Bg2 Be7 12.Qe2 O-O 13.Nb3 Rac8 14.Bf4 Ne5 15.Bxe5 dxe5
16.Rfd1 Nd7 17.Rd3 Nb6 18.Na5 Ba8 19.Rc1 Rfd8 20.Bf1 Na4 21.Nxa4 Qxa5 22.Nc3 Rd4
23.Rxd4 exd4 24.Nb1 Bb7 25.Qd2 Qb6 26.Bg2 e5 27.Qd3 b4 28.a4 Qc6 29.Nd2 Bg5
30.f4 exf4 31.Nf3 Bf6 32.Ne1 Be5 33.Nf3 Bf6 34.Ne1 Qc7 35.g4 Re8 36.Rd1 g6
37.Rd2 Qd7 38.h3 Qxa4 39.Re2 Bc6 40.Qf3 Qa1 41.Qf2 Bb5 42.Rd2 d3 43.Kh2 Bxb2
44.Nxd3 Bd4 45.Qe1 Qxe1  0-1

[Event "Ikaros op"]
[Site "Ikaros"]
[Date "1999.08.15"]
[Round "2"]
[White "Kofidis, Andreas"]
[Black "Miezis, Normunds"]
[Result "1-0"]
[WhiteElo "2383"]
[BlackElo "2524"]

1.e4 c5 2.Nf3 e6 3.d4 cxd4 4.Nxd4 a6 5.Nc3 Qc7 6.Bd3 Nc6 7.Nxc6 dxc6 8.O-O e5
9.Bc4 Nf6 10.a3 Bc5 11.Bg5 Ng4 12.h3 h6 13.Bd2 Nf6 14.Qf3 b5 15.Ba2 Be7 16.Ne2 g5
17.Ng3 g4 18.hxg4 Bxg4 19.Qb3 O-O-O 20.Be3 c5 21.c4 Be6 22.Qc2 Ng4 23.cxb5 Rhg8
24.Bxe6+ fxe6 25.Bxc5 Bxc5 26.Rac1 Bxf2+ 27.Rxf2 Qxc2 28.Rfxc2+ Kb8 29.Nf1 Rg7
30.bxa6 Nf6 31.b4 Ka7 32.b5 Kb6 33.a4 Rd4 34.Rc6+ Ka5 35.Rxe6 Ng4 36.Rb1 Rd8
37.Rc6 Rb8 38.Nd2 Ne3 39.Nc4+ Nxc4 40.Rxc4 Rb6 41.Rb2 h5 42.Kh2 h4 43.Rbc2 Rbg6
44.Rc6 Rg4 45.Rb2 h3 46.gxh3 Rg3 47.b6 Rf3 48.a7 Rg8 49.b7  1-0

[Event "Faro op"]
[Site "Algarve"]
[Date "1999.08.16"]
[Round "7"]
[White "Damaso, Rui"]
[Black "Ivanov, Jordan"]
[Result "1/2-1/2"]
[WhiteElo "2399"]
[BlackElo "2404"]

1.e4 c5 2.Nf3 e6 3.d4 cxd4 4.Nxd4 a6 5.Nc3 Qc7 6.Bd3 Nc6 7.Be3 Nf6 8.O-O b5
9.Nxc6 Qxc6 10.f3 Bc5  1/2-1/2

[Event "Ikaros op"]
[Site "Ikaros"]
[Date "1999.08.19"]
[Round "6"]
[White "Radovanovic, Dusan"]
[Black "Miezis, Normunds"]
[Result "0-1"]
[WhiteElo "2298"]
[BlackElo "2524"]

1.e4 c5 2.Nf3 e6 3.d4 cxd4 4.Nxd4 a6 5.Nc3 Qc7 6.Be2 Nc6 7.O-O Nf6 8.Be3 Bb4
9.Na4 h5 10.Nxc6 bxc6 11.f4 Rb8 12.Bf3 Be7 13.c4 e5 14.fxe5 Qxe5 15.Bd4 Qg5
16.Qe2 Ng4 17.Bxg4 hxg4 18.Qf2 f6 19.Qg3 d6 20.b3 Be6 21.Rad1 Kf7 22.Be3 Qh4
23.Bf4 Rbd8 24.Nc3 Qxg3 25.Bxg3 g6 26.Rd2 f5 27.exf5 gxf5 28.Rfd1 Bf6 29.Ne2 d5
30.c5 Bd7 31.Bd6 Rde8 32.Nf4 Re4 33.Ne2 Rhe8 34.Kf1 a5  0-1

[Event "FRA-ch qual"]
[Site "Bescanon"]
[Date "1999.08.20"]
[Round "3"]
[White "Guadalpi, David"]
[Black "Lupu, Mircea Sergiu"]
[Result "1/2-1/2"]
[WhiteElo "2252"]
[BlackElo "2489"]

1.e4 c5 2.Nf3 e6 3.d4 cxd4 4.Nxd4 a6 5.Nc3 b5 6.Be2 Bb7 7.Bf3 Nc6 8.Nxc6 dxc6
9.Qe2 e5 10.O-O Nf6 11.Bg5 Be7 12.Rad1 Qc7 13.Bxf6 Bxf6 14.Bg4 O-O 15.Rd7 Qb6
16.Rfd1 Rad8 17.a4 Rxd7 18.Rxd7 Rd8 19.a5 Qa7 20.Qd3 Qb8 21.b4 g6 22.Ne2 Be7
23.Rxd8+ Qxd8 24.Qxd8+ Bxd8 25.Nc1 c5 26.bxc5 Bxe4 27.Bc8 Bxc2 28.Bxa6 b4
29.Bd3 Bxd3 30.Nxd3 Bxa5 31.Nxe5 Kf8 32.Kf1 b3 33.Nc4 Bc3 34.c6 Be5 35.Ke2 Bc7
36.Kd3 Ke7 37.Kc3 Ke6 38.h3 Kd5 39.Kxb3 Kxc6 40.Kc3 Kd5 41.Kd3 f5 42.Nd2 Bb6
43.Ke2 Bd8 44.Nf3 Ke4 45.Nd2+ Kf4 46.Nc4 h5 47.Nd6 Bc7 48.Nc4 Bd8 49.Nd6 Bc7  1/2-1/2

[Event "FRA-ch qual"]
[Site "Bescanon"]
[Date "1999.08.20"]
[Round "3"]
[White "Van Elst, Andreas"]
[Black "Touzane, Olivier"]
[Result "1-0"]
[WhiteElo "2270"]
[BlackElo "2348"]

1.e4 c5 2.Nf3 e6 3.d4 cxd4 4.Nxd4 a6 5.Nc3 Qc7 6.g3 Nc6 7.Bg2 Nf6 8.O-O Nxd4
9.Qxd4 Bc5 10.Bf4 d6 11.Qd2 Ng4 12.Rad1 Ne5 13.Na4 Ba7 14.Qxd6 Qxd6 15.Rxd6 Nc4
16.Rdd1 Bd7 17.Nc3 Rc8 18.Bc1 b5 19.Ne2 e5 20.Rxd7 Kxd7 21.Bh3+ Kc6 22.Bxc8 Rxc8
23.Kg2 Nd6 24.f3 Kd7 25.c3 b4 26.Rd1 Ke6 27.cxb4 Nb5 28.Rd3 Rc2 29.Rd2 Rc4
30.b3 Rc8 31.a4 Nd6 32.Ba3 Ne8 33.Kf1 g6 34.g4 h5 35.gxh5 gxh5 36.Ke1 f5
37.exf5+ Kxf5 38.Kd1 Nf6 39.Rd6 h4 40.Rxa6 Be3 41.b5 Nd5 42.Rc6 Rg8 43.Bc5 Rg2
44.Bxe3 Nxe3+ 45.Ke1 Rxh2 46.b6 Ng2+ 47.Kd1 Ne3+ 48.Kd2 Nf1+ 49.Kd3 Rf2 50.b7 Rxf3+
51.Kc2 Ne3+ 52.Kb1 Nc4 53.b8=Q Rxb3+ 54.Qxb3 Nd2+ 55.Kc2 Nxb3 56.Kxb3 e4
57.Rh6 Kg4 58.a5 e3 59.a6 Kf3 60.Nd4+ Ke4 61.Rxh4+ Kd3 62.a7  1-0

[Event "Ikaros op"]
[Site "Ikaros"]
[Date "1999.08.22"]
[Round "9"]
[White "Vuckovic, Bojan"]
[Black "Miezis, Normunds"]
[Result "1-0"]
[WhiteElo "2433"]
[BlackElo "2524"]

1.e4 c5 2.Nf3 e6 3.d4 cxd4 4.Nxd4 a6 5.Nc3 Qc7 6.Be2 b5 7.Be3 Bb7 8.Bf3 Nc6
9.Nxc6 dxc6 10.O-O Nf6 11.a4 Bd6 12.g3 Be5 13.Bg2 Rd8 14.Qe2 b4 15.Nd1 c5
16.Qc4 Bd4 17.c3 bxc3 18.bxc3 Bxe3 19.Nxe3 Nd7 20.Qe2 O-O 21.Rfd1 Qa5 22.Nc4 Qc7
23.Nd6 Bc6 24.Qxa6 Ra8 25.Qc4 Qa5 26.Nb5 Rfc8 27.Qf1 Nb6 28.e5 c4 29.Bxc6 Rxc6
30.Qg2 Rc5 31.Nd6 Rxe5 32.Qb7 Rf8 33.Rdb1 Re2 34.Rxb6 Qxc3 35.Rf1 Qd3 36.Qc7 Rd2
37.Nxc4 Rc2 38.Rc6 Qd4 39.Ne3 Ra2 40.Rc4 Qd3 41.Qc6 h5 42.Rc2 Ra3 43.Rfc1 Qd4
44.Rc4 Qa7 45.Qe4 Qa6 46.Nc2 f5 47.Qh4 Rb3 48.Nd4 Rd3 49.Nc6 Rd7 50.Qxh5 Qb6
51.a5 Qb2 52.R4c2 Qb3 53.Ne5 Rd6 54.Ng6  1-0

[Event "ESP-ch"]
[Site "Palencia"]
[Date "1999.08.22"]
[Round "4"]
[White "Martin Gonzalez, Angel"]
[Black "Ibanez Terradellas, Eduardo"]
[Result "1/2-1/2"]
[WhiteElo "2422"]
[BlackElo "2229"]

1.e4 c5 2.Nf3 e6 3.Nc3 a6 4.d4 cxd4 5.Nxd4 b5 6.Bd3 Bc5 7.Be3 Qb6 8.Be2 Ne7
9.a4 b4 10.a5 Qc7 11.Na4 d6 12.Nxc5 dxc5 13.Nb3 Nd7 14.Qd3 Bb7 15.O-O-O Ng6
16.Qd6 Rc8 17.f4 Qxd6 18.Rxd6 Ke7 19.Rhd1 Rc7 20.g4 Rhc8 21.e5 f6 22.Bc4 Ngf8
23.Bxa6 Bxa6 24.Rxa6 fxe5 25.fxe5 Nxe5 26.Bf4 Nfg6 27.Bg3 Rd7 28.Rxd7+ Nxd7
29.Ra7 e5 30.a6 Kd6 31.Rb7 Ne7 32.Nd2 Nd5 33.Nc4+ Ke6 34.a7 Ra8 35.Kd2 g5
36.Kd3 N5f6 37.h3 Kd5 38.Rc7 e4+  1/2-1/2

[Event "ESP-ch"]
[Site "Palencia"]
[Date "1999.08.22"]
[Round "4"]
[White "Arizmendi Martinez, Julen Luis"]
[Black "Vehi Bach, Victor Manuel"]
[Result "1/2-1/2"]
[WhiteElo "2465"]
[BlackElo "2389"]

1.e4 c5 2.Nf3 e6 3.Nc3 a6 4.d4 cxd4 5.Nxd4 b5 6.g3 Bb7 7.Bg2 b4 8.Nb1 Nf6
9.Nd2 d5 10.e5 Nfd7 11.N2f3 Qc7 12.Bf4 Bc5 13.O-O Nc6 14.Rc1  1/2-1/2

[Event "ESP-ch"]
[Site "Palencia"]
[Date "1999.08.23"]
[Round "5"]
[White "Garcia Garcia, Ruben"]
[Black "Lopez Martinez, Jose Manuel"]
[Result "1/2-1/2"]
[WhiteElo "2193"]
[BlackElo "2378"]

1.e4 c5 2.Nc3 e6 3.Nf3 a6 4.d4 cxd4 5.Nxd4 b5 6.Bd3 Qc7 7.O-O Bb7 8.Kh1 Nf6
9.a3 Nc6 10.Nxc6 dxc6 11.Qf3 Bd6 12.Bg5 Be5 13.Qh3 c5 14.f4 Bxc3 15.bxc3 c4
16.e5 Ne4 17.Bxe4 Bxe4 18.Rf2 h6 19.Bh4 Qc5 20.Qg3 Rg8 21.Re2 Bd5 22.Qg4 Qc6
23.Rd2 a5 24.Rad1 Kf8 25.f5 g5 26.Bg3 Rd8 27.fxe6 Qxe6 28.Qxe6 fxe6 29.Bf2 Rg7
30.Bb6 Ra8 31.Rf2+ Kg8 32.Rf6 h5 33.Rdf1 h4 34.Kg1 g4 35.Rh6 h3 36.g3 b4
37.cxb4 axb4 38.axb4 Ra2 39.Rc1 Be4 40.Rxe6 Bxc2 41.Rf6 Bd3 42.Rf2 Rxf2 43.Kxf2 Rf7+
44.Ke3 Rf3+ 45.Kd2 Kf7 46.Re1 Ke6 47.Bg1  1/2-1/2

[Event "BIH-chT"]
[Site "Bihac"]
[Date "1999.08.24"]
[Round "4"]
[White "Rasic, Damir"]
[Black "Kurajica, Bojan"]
[Result "1/2-1/2"]
[WhiteElo "2191"]
[BlackElo "2541"]

1.e4 c5 2.Nf3 e6 3.d4 cxd4 4.Nxd4 a6 5.Nc3 Qc7 6.Bd3 Nc6 7.Be3 Nf6 8.O-O Ne5
9.h3 Bc5 10.Qe2 d6 11.f4 Ng6 12.Nb3 Bxe3+ 13.Qxe3 O-O 14.Rae1 b5 15.Nd4 b4
16.Nb1 e5 17.fxe5 dxe5 18.Nf5 Nf4 19.Nd2 Rd8 20.Nc4 Bxf5 21.exf5 Nxd3 22.cxd3 e4
23.Rd1 exd3 24.b3 Nd5 25.Qf3 Nc3 26.Rxd3 Rxd3 27.Qxd3 Re8 28.Kh1 Ne4 29.Kg1 Nc3
30.Kh1 h5 31.Qd6 Qxd6 32.Nxd6 Re2 33.f6 Re6 34.Nb7 gxf6 35.Ra1 h4 36.Nc5 Rd6
37.Kg1 a5 38.a3 Kg7 39.axb4 axb4 40.Ra6 Rd5 41.Rc6 f5 42.Kf1 Rd2 43.Rc8 Nd5
44.Re8 Rc2 45.Na6 Kf6 46.Re2 Rc3 47.Rb2 Ke5 48.Re2+ Kf4 49.Rf2+ Kg3 50.Kg1 Rxb3
51.Rf1 Re3 52.Nb8 b3 53.Nc6 Nf4 54.Nd4 Nxh3+ 55.gxh3 Kxh3 56.Nxf5 Re4 57.Nh6 Kg3
58.Nf5+ Kg4 59.Nh6+ Kh5 60.Nxf7 b2  1/2-1/2

[Event "GER-ch U20 int"]
[Site "Hamburg"]
[Date "1999.08.24"]
[Round "9"]
[White "Berger, Steve"]
[Black "Forman, Stefan"]
[Result "1-0"]
[WhiteElo "2280"]
[BlackElo "2253"]

1.e4 c5 2.Nf3 e6 3.d4 cxd4 4.Nxd4 a6 5.Nc3 Qc7 6.g3 Nf6 7.Bg2 Be7 8.O-O O-O
9.a4 d6 10.Nb3 Bd7 11.Be3 Bc6 12.f4 Nbd7 13.a5 Rac8 14.Qe2 Ne8 15.Nd4 Bf6
16.f5 Bxd4 17.Bxd4 Nef6 18.g4 exf5 19.Rxf5 Rfe8 20.g5 Nxe4 21.Bxe4 g6 22.Rxf7 Kxf7
23.Rf1+ Kg8 24.Qc4+  1-0

[Event "BIH-chT"]
[Site "Bihac"]
[Date "1999.08.26"]
[Round "6"]
[White "Leventic, Ivan"]
[Black "Hulak, Krunoslav"]
[Result "0-1"]
[WhiteElo "2390"]
[BlackElo "2493"]

1.e4 c5 2.Nf3 e6 3.d4 cxd4 4.Nxd4 a6 5.Nc3 d6 6.Bd3 Nf6 7.O-O Be7 8.f4 O-O
9.Kh1 Qc7 10.Qe2 Nbd7 11.Bd2 Nc5 12.b4 Nxd3 13.cxd3 Qd7 14.Qd1 b6 15.f5 e5
16.Nf3 Bb7 17.Bg5 d5 18.Bxf6 Bxf6 19.Qb3 d4 20.Na4 Qd6 21.Nd2 b5 22.Nc5 Bc6
23.Qc2 a5 24.a3 a4 25.Nf3 Rfc8 26.Rac1 Ra7 27.g4 Qe7 28.Qd2 h6 29.Kg2 Be8
30.Kg3 Rac7 31.h4 Qf8 32.Nb7 Be7 33.Kh3 f6 34.Ng1 Bf7 35.Na5 Rc3 36.Rxc3 dxc3
37.Qe3 Bxb4 38.axb4 Qxb4 39.Nb7 c2 40.Ne2 Qe7 41.Qb6 Rb8 42.Qxb5 Bb3 43.Qc5 Qxb7
44.g5 Qd7 45.gxf6 Qxd3+ 46.Ng3 gxf6 47.Rg1 Kh8 48.Qe7 Qd8 49.Qa3 Qf8 50.Qc1 Rd8
51.Ne2 Rd1 52.Qe3 Bc4 53.Nc1 Rxg1 54.Qxg1 Qa3+ 55.Kg4 Bf7 56.h5 Qd6 57.Qe3 Qd1+
58.Kg3 Kg7 59.Qa3  0-1